00287pam a2200109 a 4500020002000000041000500020082001400025100003200039245005400071260004400125300000800169 a81-203-2824-8c h aKAP/bATK aKALPAN,R.S./ ATKINSON. A.A. aADVANCED MANAGEMENT ACCOUNTINGhTextual Documents aNEW DELHIbPRENTICE HALL OF INDIAc2004 a798